Derecho del medio ambiente y administración local /
ISBN:
8460989569
Descripción Física:
769 pàgines ; 24 cm
Otros Autores:
Esteve Pardo, José
Materias:
Medi ambient -- Dret i legislació -- Espanya
; Medi ambient -- Protecció -- Espanya
; Administració local -- Espanya
Idioma:
Español
MARC
| LEADER | 00000nam a2200000 a 4500 | ||
|---|---|---|---|
| 001 | 26318 | ||
| 005 | 20260324181131.0 | ||
| 008 | 060308s2006 sp |||||| 000 ||spa|c | ||
| 017 | |a DL B. 18058-2004 | ||
| 020 | |a 8460989569 | ||
| 043 | |a e-sp--- |b e-sp--- |2 catmarc | ||
| 080 | |a Bib-845 | ||
| 090 | |a KKT3127 |b .D47 2006 | ||
| 245 | 0 | 0 | |a Derecho del medio ambiente y administración local / |c coordinado por José Esteve Pardo |
| 250 | |a Segunda edición | ||
| 260 | |a Madrid : |b Fundación Democracia y Gobierno Local, |c febrero de 2006 | ||
| 300 | |a 769 pàgines ; |c 24 cm | ||
| 504 | |a Referències bibliogràfiques | ||
| 650 | 0 | 0 | |a Medi ambient |x Dret i legislació |z Espanya |9 53986 |
| 650 | 0 | 0 | |a Medi ambient |x Protecció |x Espanya |9 43883 |
| 650 | 0 | 0 | |a Administració local |z Espanya |9 37433 |
| 700 | |a Esteve Pardo, José |e editor literari |9 179 | ||
| 710 | 2 | |a Fundació Democràcia i Govern Local |9 52936 |e entitat editora | |
| 908 | |a UAB |a UB |a UdL |a UJI |a UOC |a UPC |a URV |a BCNexplor@ |a GEPA | ||
| 940 | |a UJI | ||
| 942 | |2 udc |c ARXIU |n 1 | ||
| 952 | |0 0 |1 0 |4 0 |6 BIB845 |7 1 |9 62855 |a Arxiu |b Arxiu |d 2022-07-22 |l 0 |o Bib-845 |p 26318 |r 2022-07-22 00:00:00 |w 2022-07-22 |y ARXIU | ||
| 999 | |c 82322 |d 82322 | ||